Normal view MARC view
  • América Latina

Entry Nombre Geográfico

Number of records used in: 1

001 - NÚMERO DE CONTROL

  • campo de control: 59728

003 - IDENTIFICADOR DE NUMERO DE CONTROL

  • campo de control: MX-MxUPN

005 - FECHA Y HORA DE LA ÜLTIMA TRANSACCIÓN

  • campo de control: 20260527103944.0

008 - DATOS DE LONGITUD FIJA

  • campo de control de longitud fija: 260527nn fnnn|aabb n ana d

040 ## - FUENTE DE CATALOGACIÓN

  • Agencia de catalogación original: MX-MxUPN
  • Lenguaje de catalogación: spa

151 ## - ENCABEZAMIENTO - NOMBRE GEOGRÁFICO

  • Nombre geográfico: América Latina
  • Subdivisión de forma: Estadística

670 ## - FUENTE EN LA QUE SE LOCALIZARON DATOS

  • Cita de la fuente: Autoridades BGTQ, 27 mayo 2026 :
  • Información localizada: (América Latina -- Estadística)

902 ## - CATALOGADOR

  • Catalogador: VíctorGodínez/270526